| 000 | 00558cab a2200217 4500 | ||
|---|---|---|---|
| 001 | A389 | ||
| 008 | 090401t1982 xxu||||| |||| 00| 0 eng d | ||
| 035 | _a(Sirsi) u28920 | ||
| 041 | _aeng | ||
| 100 | _aBarham, R. | ||
| 245 | _aIs a negative approach to valuation acceptable? | ||
| 260 | _c1982 | ||
| 350 | _a0 | ||
| 490 |
_aChartered Surveyor _v115(2) September 1982, 101-2(2) |
||
| 650 | _aLEASEHOLD INTERESTS | ||
| 650 | _aNEGATIVE VALUES | ||
| 650 | _aVALUATION METHODS | ||
| 690 | _aRATING AND VALUATION | ||
| 942 | _n0 | ||
| 948 | _c04/03/1997 | ||
| 999 |
_c19456 _d19456 |
||